| 000 | 00479nam a2200169 a 4500 | ||
|---|---|---|---|
| 001 | 616 | ||
| 003 | CDMR | ||
| 005 | 20131002134641.0 | ||
| 008 | 130130s1981||||||||||||||||||||||||||||d | ||
| 020 | _a8474321298 | ||
| 040 |
_aCDMR _bcat _cCDMR |
||
| 100 | 1 |
_aMander, Jerry _9465 |
|
| 245 | 1 | 0 |
_aCuatro buenas razones para eliminar la televisión _cpor Jerry Mander ; [traducción: Mario Bohoslavsky] |
| 260 |
_aBarcelona _c1981 _bGedisa |
||
| 490 | 0 | _aLibertad y Cambio | |
| 942 |
_cMON _2udc |
||
| 999 |
_c616 _d616 |
||